|
|
|
|
| LEADER |
00000cam a2200000 a 4500 |
| 001 |
033903 |
| 003 |
UAHC_CL |
| 005 |
20170803123701.0 |
| 008 |
130927b xx j 000 1 eng |
| 040 |
|
|
|a UAHC_CL
|c UAHC_CL
|d UAHC_CL
|
| 245 |
1 |
0 |
|a Siútico :
|b arribismo, abajismo y vida social en Chile /
|c Oscar Contardo.
|
| 260 |
|
|
|b Planeta
|a Santiago, Chile
|c 2013
|
| 300 |
|
|
|a 286 p.
|
| 900 |
|
|
|a FONDECYT
|
| 942 |
|
|
|c BK
|
| 952 |
|
|
|0 0
|1 0
|4 0
|6 FONDECYT
|7 0
|8 General
|9 64710
|a BC
|b BC
|c General
|d 2017-08-03
|l 0
|m 3
|o FONDECYT
|p 1407829
|q 2018-01-11
|r 2017-08-03 00:00:00
|t 1
|w 2017-08-03
|y BK
|
| 999 |
|
|
|c 33903
|d 33903
|